000 00649nam a22002297a 4500
001 47534
003 UA-OsUOA
005 20260519124900.0
008 20120625b un ||||| |||| 00| 0 ukr d
040 _aUA-OsUOA
_beng
_cUA-OsUOA
_dUA-OsUOA
041 _aeng
080 _a94(477).152
090 _a94(477).152
_bC43
245 _aThe Chair at Thirty
260 _bUniversity of Toronto
_c2011
300 _a35 p.
650 7 _a94(477) Історія України
_2UDC
_91446
942 _cBR
_2udc
955 _a4
999 _c427629
_d427629